Numerot - laattavalinta - Statistics

Yleistilastot
  • Tätä visaa on pelattu 1 410 kertaa
  • Keskiarvotulos 52 / 77
Vastaustilastot
Kysymys Laatta Select % Oikein
alkuluvut 12 Ei
88%
alkuluvut 16 Ei
88%
alkuluvut 18 Ei
88%
alkuluvut 22 Ei
88%
alkuluvut 24 Ei
88%
alkuluvut 25 Ei
88%
numerot, jotka ovat kirjoitettuina viisi kirjainta pitkiä 10 Ei
87%
alkuluvut 14 Ei
87%
alkuluvut 15 Ei
87%
alkuluvut 20 Ei
87%
alkuluvut 26 Ei
87%
numerot, jotka ovat kirjoitettuina viisi kirjainta pitkiä 1 Ei
86%
numerot, jotka ovat kirjoitettuina viisi kirjainta pitkiä 7 Ei
86%
numerot, jotka ovat kirjoitettuina viisi kirjainta pitkiä 8 Ei
86%
numerot, jotka ovat kirjoitettuina viisi kirjainta pitkiä 9 Ei
86%
alkuluvut 21 Ei
85%
alkuluvut 10 Ei
84%
luvulla 7 jaolliset luvut 21 Kyllä
83%
numerot, jotka ovat kirjoitettuina viisi kirjainta pitkiä 3 Kyllä
83%
numerot, jotka ovat kirjoitettuina viisi kirjainta pitkiä 5 Kyllä
83%
numerot, jotka ovat kirjoitettuina viisi kirjainta pitkiä 2 Kyllä
82%
luvulla 7 jaolliset luvut 103 Ei
81%
alkuluvut 3 Kyllä
81%
numerot, jotka ovat kirjoitettuina viisi kirjainta pitkiä 4 Kyllä
81%
numerot, jotka ovat kirjoitettuina viisi kirjainta pitkiä 6 Kyllä
81%
alkuluvut 7 Kyllä
80%
alkuluvut 5 Kyllä
78%
neliöluvut 36 Kyllä
76%
luvulla 7 jaolliset luvut 124 Ei
75%
luvulla 7 jaolliset luvut 176 Ei
75%
alkuluvut 8 Ei
75%
neliöluvut 64 Kyllä
74%
alkuluvut 2 Kyllä
73%
alkuluvut 6 Ei
73%
alkuluvut 4 Ei
69%
luvulla 7 jaolliset luvut 56 Kyllä
69%
alkuluvut 9 Ei
69%
alkuluvut 11 Kyllä
67%
alkuluvut 13 Kyllä
67%
alkuluvut 17 Kyllä
64%
neliöluvut 216 Ei
64%
Fibonaccin lukujonossa olevat luvut 11 Ei
63%
Fibonaccin lukujonossa olevat luvut 10 Ei
62%
Fibonaccin lukujonossa olevat luvut 15 Ei
62%
Fibonaccin lukujonossa olevat luvut 20 Ei
62%
alkuluvut 23 Kyllä
62%
Fibonaccin lukujonossa olevat luvut 23 Ei
62%
Fibonaccin lukujonossa olevat luvut 17 Ei
61%
alkuluvut 19 Kyllä
61%
Fibonaccin lukujonossa olevat luvut 19 Ei
61%
Fibonaccin lukujonossa olevat luvut 22 Ei
61%
Fibonaccin lukujonossa olevat luvut 25 Ei
61%
neliöluvut 148 Ei
60%
Fibonaccin lukujonossa olevat luvut 18 Ei
60%
Fibonaccin lukujonossa olevat luvut 6 Ei
60%
Fibonaccin lukujonossa olevat luvut 12 Ei
59%
Fibonaccin lukujonossa olevat luvut 14 Ei
59%
Fibonaccin lukujonossa olevat luvut 16 Ei
59%
Fibonaccin lukujonossa olevat luvut 24 Ei
59%
neliöluvut 48 Ei
59%
Fibonaccin lukujonossa olevat luvut 9 Ei
59%
luvulla 7 jaolliset luvut 91 Kyllä
58%
neliöluvut 25 Kyllä
56%
Fibonaccin lukujonossa olevat luvut 7 Ei
56%
Fibonaccin lukujonossa olevat luvut 4 Ei
55%
luvulla 7 jaolliset luvut 154 Kyllä
54%
neliöluvut 360 Ei
52%
neliöluvut 81 Kyllä
52%
Fibonaccin lukujonossa olevat luvut 1 Kyllä
48%
Fibonaccin lukujonossa olevat luvut 2 Kyllä
48%
Fibonaccin lukujonossa olevat luvut 8 Kyllä
45%
Fibonaccin lukujonossa olevat luvut 3 Kyllä
43%
luvulla 7 jaolliset luvut 203 Kyllä
42%
Fibonaccin lukujonossa olevat luvut 5 Kyllä
39%
Fibonaccin lukujonossa olevat luvut 13 Kyllä
38%
Fibonaccin lukujonossa olevat luvut 21 Kyllä
33%
neliöluvut 169 Kyllä
29%
Ehtoja vastaavia visoja ei löytynyt
Tulosjakauma
Jokaisen tuloksen saaneiden osuus
Persentiili vastausten määrän mukaan
Tuloshistoriasi
Et ole pelannut tätä visaa